000
00319nam a2200121Ia 4500
008
220204s9999 xx 000 0 und d
082
_a
681.3.01
_b
REI
100
_a
Reichenbach, Robert R
245
0
_a
Organizing for data processing
260
_a
Bombay
_b
Taraporevala
_c
1977
700
_a
Tasso, Charles A
942
_c
BK
999
_c
30302
_d
30302